"Development and society" : (Record no. 1240)

MARC details
000 -LEADER
fixed length control field 01044cam a22003014a 4500
001 - CONTROL NUMBER
control field 16312478
003 - CONTROL NUMBER IDENTIFIER
control field OSt
005 - DATE AND TIME OF LATEST TRANSACTION
control field 20230619112350.0
008 - FIXED-LENGTH DATA ELEMENTS--GENERAL INFORMATION
fixed length control field 100701s2009 ja a b 000 0 eng
010 ## - LIBRARY OF CONGRESS CONTROL NUMBER
LC control number 2010446389
020 ## - INTERNATIONAL STANDARD BOOK NUMBER
International Standard Book Number 9784875401063
040 ## - CATALOGING SOURCE
Original cataloging agency DLC
Transcribing agency DLC
043 ## - GEOGRAPHIC AREA CODE
Geographic area code aw-----
-- a-ja---
050 00 - LIBRARY OF CONGRESS CALL NUMBER
Classification number DS63.2.J3
Item number D48 2009
082 ## - DEWEY DECIMAL CLASSIFICATION NUMBER
Classification number 301
Item number ISDPR
245 00 - TITLE STATEMENT
Title "Development and society" :
Remainder of title December 2003
Statement of responsibility, etc. [edited by the Japan Foundation].
260 ## - PUBLICATION, DISTRIBUTION, ETC. (IMPRINT)
Place of publication, distribution, etc. Tokyo :
Name of publisher, distributor, etc. Japan Foundation,
Date of publication, distribution, etc. 2009.
300 ## - PHYSICAL DESCRIPTION
Extent 314p
Other physical details ill. (some col.) ;
Dimensions 21 cm.
500 ## - GENERAL NOTE
General note "The Japan Foundation Middle East Group Study Program 2008."
504 ## - BIBLIOGRAPHY, ETC. NOTE
Bibliography, etc Includes bibliographical references.
651 #0 - SUBJECT ADDED ENTRY--GEOGRAPHIC NAME
Geographic name Middle East
General subdivision Foreign relations
Geographic subdivision Japan.
651 #0 - SUBJECT ADDED ENTRY--GEOGRAPHIC NAME
Geographic name Japan
General subdivision Foreign relations
Geographic subdivision Middle East.
710 2# - ADDED ENTRY--CORPORATE NAME
Corporate name or jurisdiction name as entry element Kokusai Kōryū Kikin.
710 2# - ADDED ENTRY--CORPORATE NAME
Corporate name or jurisdiction name as entry element Kokusai Kōryū Kikin.
Subordinate unit Middle East Group Study Program.
906 ## - LOCAL DATA ELEMENT F, LDF (RLIN)
a 7
b cbc
c orignew
d 3
e ncip
f 20
g y-gencatlg
942 ## - ADDED ENTRY ELEMENTS (KOHA)
Source of classification or shelving scheme Dewey Decimal Classification
Koha item type Books
Holdings
Withdrawn status Lost status Source of classification or shelving scheme Damaged status Not for loan Home library Current library Date acquired Total Checkouts Full call number Barcode Date last seen Price effective from Koha item type Checked out
    Dewey Decimal Classification     County Hall Archives County Hall Archives 06/19/2023   301 ISDPR 10013465 06/19/2023 06/19/2023 Books  
    Dewey Decimal Classification     County Hall Archives County Hall Archives 06/19/2023   301 ISDPR 10008886 06/19/2023 06/19/2023 Books  
    Dewey Decimal Classification     County Hall Archives County Hall Archives 06/19/2023   301 ISDPR 10009338 06/19/2023 06/19/2023 Books  
    Dewey Decimal Classification     County Hall Archives County Hall Archives 06/19/2023   301 ISDPR 10008893 06/19/2023 06/19/2023 Books  
    Dewey Decimal Classification     County Hall Archives County Hall Archives 06/19/2023   301 ISDPR 10008895 06/19/2023 06/19/2023 Books  
    Dewey Decimal Classification     County Hall Archives County Hall Archives 06/19/2023   301 ISDPR 10008888 06/19/2023 06/19/2023 Books  
    Dewey Decimal Classification     County Hall Archives County Hall Archives 06/19/2023   301 ISDPR 10008887 06/19/2023 06/19/2023 Books  
    Dewey Decimal Classification     County Hall Archives County Hall Archives 06/19/2023   301 ISDPR 10008891 06/19/2023 06/19/2023 Books  
    Dewey Decimal Classification     County Hall Archives County Hall Archives 06/19/2023   301 ISDPR 10008892 06/19/2023 06/19/2023 Books  
    Dewey Decimal Classification     County Hall Archives County Hall Archives 06/19/2023   301 ISDPR 10008894 06/19/2023 06/19/2023 Books 03/24/2020
    Dewey Decimal Classification     County Hall Archives County Hall Archives 06/19/2023   301 ISDPR 10008889 06/19/2023 06/19/2023 Books  
    Dewey Decimal Classification     County Hall Archives County Hall Archives 06/19/2023   301 ISDPR 10008890 06/19/2023 06/19/2023 Books  
LIBRARY OPENING HOURS

When the Parliament is sitting: 8.00a.m - 7.00p.m or until the house adjourns
Mondays and Fridays and when the House is on Recess:  8.00a.m - 5.00p.m
Closed on Weekends and Public Holidays

Online Public Access Catalog (OPAC)
Website: http://www.parliament.go.ke
Bunge Library: https://libraryir.parliament.go.ke
Contact: library@parliament.go.ke | Tel no: (254-2)2221291 or 2848000 Ext 5043